000 00661nam a2200229Ia 4500
003 OSt
005 20220918182221.0
006 a|||||r|||| 00| 0
007 ta
008 220917b |||||||| |||| 00| 0 eng d
024 _a31,319
037 _cTextual
040 _aARTS
_cARTS
_beng
041 _2eng
_aeng
082 _aO111,6M191x, D7 (TTR)
100 _aRuskin John
_910983
245 0 _aUnto this last the political economy of Art
_b essays on political economic
260 _aLondon
_bDent
_c1907
650 _aENGLISH LITERATURE
942 _hO111,6M191x, D7 (TTR)
_cTEXL
_2CC
999 _c168226
_d168226